000 00437ntaaa2200181 4500
003 01
005 20251027202303.0
008 0714s1973 ag 01
040 _aAR-BaBN
_bspa
_cAR-BaBN
_eaacr
_dRIC
082 _a274.0000 L89
100 _aLortz, Joseph
245 _aUnidad europea y cristianismo
250 _a1 ed.
260 _aMadrid :
_bEdiciones Guadarrama,
_cc1961
300 _a311 p
650 _aEuropa
_921313
942 _cBK
999 _c17636
_d17636